| 000 | 00643nam a22002057a 4500 | ||
|---|---|---|---|
| 003 | BUBTL | ||
| 008 | 190327b xxu||||| |||| 00| 0 eng d | ||
| 020 | _a984-31-0936-8 | ||
| 082 | _a628.3 / AHW | ||
| 100 |
_92213 _aAhmed, M. Feroze |
||
| 245 |
_aWater Supply & Sanitation : _bRural and low income urban communities / _cM. Feroze Ahmed, Md. Mujibur Rahman |
||
| 250 | _a1st ed. | ||
| 260 |
_aDhaka : _bITN- Bangladesh, _cc2000 |
||
| 300 |
_aix,444 p. : _c21 cm. |
||
| 650 | 0 |
_92212 _aCivil Engineering |
|
| 700 |
_92214 _aRahman, Md. Mujibur |
||
| 856 |
_k0 _l0 _yDownload |
||
| 942 |
_2ddc _cBK |
||
| 999 |
_c5927 _d5927 |
||